000 00680nam a22001937a 4500
999 _c170091
_d170091
005 20191210170724.0
010 _aA-835197
020 _c60.00
_a-
035 _aA-835197
037 _bBPPD
082 _a270
100 _aمر تبہ :شا ہ خليل احمد فا ر و قی
245 _aذ کر حق
_cمر تبہ :شا ہ خليل احمد فا ر و قی
246 _aZikr-e-Haqu(Urdu)
_bby Shah KhalilAhmed Farooqui
260 _aLucknow
_c1992 ء
_bShah KhalilAhmed Farooqui
270 _aRadoli Zila Barabanki,Maktaba Deen-e-Adab,Aminudola Park,Ameen Abad
_bLucknow
_k-
_e-
300 _a216 ص
_c22 cm(hb)
942 _2ddc
_cUR
_h270
_mف ا ر